000 00614nam a2200229Ia 4500
003 OSt
005 20220923225342.0
006 a|||||r|||| 00| 0
007 ta
008 220922b |||||||| |||| 00| 0 hin d
024 _a263,858
037 _cTextual
040 _aARTS
_cARTS
_bhin
041 _2hin
_ahin
082 _aV2:55'N70t, 152L1
245 0 _aउप- निर्वाचन पुस्तिका 197
246 _aUpa- nirvāchan pustikā 1970
260 _c1971
300 _a143पृ.
_ccm.
942 _hV2:55'N70t, 152L1
_cTEXL
_2CC
999 _c377707
_d377707